Jardins et vergers d'Afrique (Record no. 22413)

000 -LEADER
fixed length control field 00263nam a22001217a 4500
020 ## - INTERNATIONAL STANDARD BOOK NUMBER
ISBN 2871050058
040 ## - CATALOGING SOURCE
Transcribing agency DLC
082 ## - DEWEY DECIMAL CLASSIFICATION NUMBER
Classification number 635 DUP 1987 C289 Or.1
100 ## - MAIN ENTRY--AUTHOR NAME
Personal name Dupriez, Hugues
245 ## - TITLE STATEMENT
Title Jardins et vergers d'Afrique
260 ## - PUBLICATION, DISTRIBUTION, ETC. (IMPRINT)
Year of publication 1987
942 ## - ADDED ENTRY ELEMENTS (KOHA)
Koha item type ADB
952 ## - LOCATION AND ITEM INFORMATION (KOHA)
Withdrawn status [LOCAL, KOHA] 0
Holdings
Permanent Location Date acquired Koha item type Lost status Shelving location Barcode Current Location Full call number
Library Block C2023-12-25ADB C289a19751Library Block C635 DUP 1987 C289 Or.1
មជ្ឈមណ្ឌលឯការនៃសាកលវិទ្យាល័យភូមិន្ទកសិកម្មចំការដូង

Powered by Koha